Spon's Middle East construction handbook (Record no. 104381)
[ view plain ]
| 000 -LEADER | |
|---|---|
| fixed length control field | 01348cam a2200253 4500 |
| 001 - CONTROL NUMBER | |
| control field | L130181 |
| 008 - FIXED-LENGTH DATA ELEMENTS--GENERAL INFORMATION | |
| fixed length control field | 050630n2005 000 0 eng u |
| 020 ## - INTERNATIONAL STANDARD BOOK NUMBER | |
| International Standard Book Number | 0415363152 |
| 035 ## - SYSTEM CONTROL NUMBER | |
| System control number | (Sirsi) u130181 |
| 041 0# - LANGUAGE CODE | |
| Language code of text/sound track or separate title | eng |
| 050 04 - LIBRARY OF CONGRESS CALL NUMBER | |
| Classification number | 692.5 $2 18 |
| 110 2# - MAIN ENTRY--CORPORATE NAME | |
| Corporate name or jurisdiction name as entry element | Franklin and Andrews |
| 9 (RLIN) | 2518 |
| 245 ## - TITLE STATEMENT | |
| Title | Spon's Middle East construction handbook |
| 250 ## - EDITION STATEMENT | |
| Edition statement | 2nd ed. |
| 260 ## - PUBLICATION, DISTRIBUTION, ETC. | |
| Place of publication, distribution, etc. | London |
| Name of publisher, distributor, etc. | Taylor and Francis |
| Date of publication, distribution, etc. | 2005 |
| 300 ## - PHYSICAL DESCRIPTION | |
| Extent | xi, 369p. |
| Dimensions | 24cm. |
| 350 ## - PRICE (NR) (BK AM CF MU VM SE) [OBSOLETE] | |
| Price | 170 |
| 520 ## - SUMMARY, ETC. | |
| Summary, etc. | Updated and revised new edition with additional reference to civil engineering and infrastructure projects with increased supplementary information. Covers 13 countries: Bahrain, Egypt, Iran, Iraq, Jordan, Kuwait, Lebanon, Libya, Oman, Qatar, Saudi Arabia, Syria and UAE. Information provided includes key data on main economic and construction indicators, outline of the national construction industry, labour and materials cost data, measured rates for a range of construction work items, approximate estimating costs for a range of building types, price index data and exchange rate movements gains £ sterling and UK$ and addresses of public and private construction related organisations. Includes a comparative data section. |
| 590 ## - LOCAL NOTE (RLIN) | |
| Local note | IKA300805 |
| 651 #4 - SUBJECT ADDED ENTRY--GEOGRAPHIC NAME | |
| Geographic name | Middle East |
| 690 ## - LOCAL SUBJECT ADDED ENTRY--TOPICAL TERM (OCLC, RLIN) | |
| Topical term or geographic name as entry element | BUILT ENVIRONMENT-BUILDING COSTS |
| 942 ## - ADDED ENTRY ELEMENTS (KOHA) | |
| Suppress in OPAC | 0 |
| Withdrawn status | Lost status | Source of classification or shelving scheme | Damaged status | Not for loan | Home library | Current library | Shelving location | Date acquired | Cost, normal purchase price | Total Checkouts | Full call number | Barcode | Date last seen | Copy number | Cost, replacement price | Price effective from | Koha item type |
|---|---|---|---|---|---|---|---|---|---|---|---|---|---|---|---|---|---|
| Dewey Decimal Classification | London | London | Books | 30/08/2005 | 170.00 | 692.5 SPO | 30071290 | 06/08/2019 | 1 | 170.00 | 06/08/2019 | Reference material |